[Event "4NCL/Div1a/BAR1 vs. GUI2"]
[Site "Sunningdale ENG"]
[Date "2009.01.18"]
[Round "6.1"]
[White "Turner, Matthew J"]
[Black "Pert, Nicholas"]
[Result "1/2-1/2"]
[WhiteElo "2512"]
[BlackElo "2536"]
[PlyCount "30"]
[EventDate "2009.01.18"]
[SourceDate "2008.10.04"]

1. d4 d5 2. Bg5 h6 3. Bh4 c6 4. e3 Qb6 5. Qc1 e5 6. Nf3 exd4 7. Nxd4 c5 8. Nf3
Be7 9. Bxe7 Nxe7 10. Nbd2 Nbc6 11. c3 Bf5 12. Be2 O-O 13. O-O Rac8 14. Rd1 Rfd8
15. b3 Ng6 1/2-1/2

[Event "4NCL/Div1a/BAR1 vs. GUI2"]
[Site "Sunningdale ENG"]
[Date "2009.01.18"]
[Round "6.2"]
[White "Conquest, Stuart C"]
[Black "Parker, Jonathan"]
[Result "1-0"]
[WhiteElo "2531"]
[BlackElo "2528"]
[PlyCount "75"]
[EventDate "2009.01.18"]
[SourceDate "2008.10.04"]

1. e4 e5 2. Nf3 Nc6 3. Bc4 Bc5 4. c3 Nf6 5. d3 a6 6. Bb3 Ba7 7. h3 d5 8. Qe2
O-O 9. Bg5 dxe4 10. dxe4 Be6 11. Nbd2 Bxb3 12. axb3 Qd6 13. Nh4 Qe6 14. Nf5 Ne8
15. b4 f6 16. Be3 Bxe3 17. Nxe3 Nd6 18. O-O Rad8 19. Rfd1 Ne7 20. Qg4 Qf7 21.
Ra5 Ng6 22. g3 Rfe8 23. Rd5 c6 24. Rd3 Qc7 25. Ndc4 Nxc4 26. Rxd8 Rxd8 27. Qe6+
Kh8 28. Rxd8+ Qxd8 29. Nxc4 Qd1+ 30. Kg2 h5 31. h4 Qd3 32. Nd6 Kh7 33. Qf5 Qxd6
34. Qxh5+ Kg8 35. Qxg6 Qd2 36. h5 Kf8 37. Qf5 Qd8 38. Qe6 1-0

[Event "4NCL/Div1a/BAR1 vs. GUI2"]
[Site "Sunningdale ENG"]
[Date "2009.01.18"]
[Round "6.3"]
[White "Devereaux, Maxim"]
[Black "Kosten, Anthony C"]
[Result "1/2-1/2"]
[WhiteElo "2437"]
[BlackElo "2514"]
[PlyCount "53"]
[EventDate "2009.01.18"]
[SourceDate "2008.10.04"]

1. d4 Nf6 2. c4 e6 3. Nc3 Bb4 4. Qc2 O-O 5. Nf3 c5 6. dxc5 Na6 7. g3 Nxc5 8.
Bg2 Nce4 9. O-O Nxc3 10. bxc3 Be7 11. e4 d6 12. e5 dxe5 13. Nxe5 Qc7 14. Qe2
Nd7 15. Bf4 Nxe5 16. Bxe5 Bd6 17. Bxd6 Qxd6 18. Rfd1 Qc7 19. Qd3 Rb8 20. Qd6
Qxd6 21. Rxd6 b6 22. Rb1 Bb7 23. Bxb7 Rxb7 24. c5 Rfb8 25. c4 Kf8 26. cxb6 axb6
27. Rc6 1/2-1/2

[Event "4NCL/Div1a/BAR1 vs. GUI2"]
[Site "Sunningdale ENG"]
[Date "2009.01.18"]
[Round "6.4"]
[White "Berzinsh, Roland"]
[Black "D'Costa, Lorin A R"]
[Result "1/2-1/2"]
[WhiteElo "2420"]
[BlackElo "2445"]
[PlyCount "86"]
[EventDate "2009.01.18"]
[SourceDate "2008.10.04"]

1. e4 c5 2. c3 d5 3. exd5 Qxd5 4. d4 g6 5. Nf3 Bg7 6. Na3 cxd4 7. Bc4 Qe4+ 8.
Kf1 Nh6 9. Nb5 O-O 10. Nc7 Qc6 11. Nxa8 Qxc4+ 12. Kg1 dxc3 13. bxc3 Na6 14. Qb3
Qxb3 15. axb3 Be6 16. Nc7 Nxc7 17. Rxa7 Bc8 18. c4 Nf5 19. h3 Nd4 20. Nxd4 Bxd4
21. Ra2 Na6 22. Ba3 Re8 23. Kh2 e5 24. Rd1 Be6 25. Re2 g5 26. Bb2 Bxb2 27. Rxb2
f6 28. Rd6 Kf7 29. Rb6 Re7 30. Rd2 Nb8 31. Rdd6 Nc6 32. c5 e4 33. b4 f5 34. b5
Na5 35. Kg1 f4 36. Kf1 Bc4+ 37. Ke1 Bd3 38. Rf6+ Kg7 39. h4 Nc4 40. Rbe6 Rc7
41. hxg5 Rxc5 42. Re7+ Kg8 43. Re8+ Kg7 1/2-1/2

[Event "4NCL/Div1a/BAR1 vs. GUI2"]
[Site "Sunningdale ENG"]
[Date "2009.01.18"]
[Round "6.6"]
[White "Buckley, Graeme"]
[Black "Knott, Simon"]
[Result "1/2-1/2"]
[WhiteElo "2399"]
[BlackElo "2349"]
[PlyCount "69"]
[EventDate "2009.01.18"]
[SourceDate "2008.10.04"]

1. d4 Nf6 2. c4 g6 3. Nf3 Bg7 4. g3 d5 5. cxd5 Nxd5 6. Bg2 Nb6 7. O-O Nc6 8. e3
O-O 9. Nc3 Re8 10. d5 Na5 11. Nd4 Bd7 12. Rb1 Qc8 13. Re1 c6 14. b4 c5 15. bxc5
Qxc5 16. Bb2 Nac4 17. Ba1 Bxd4 18. Ne4 Ba4 19. Nxc5 Bxd1 20. Bxd4 Bg4 21. Nxb7
Nd2 22. Rb4 Nf3+ 23. Bxf3 Bxf3 24. e4 f5 25. d6 Rab8 26. Bxb6 Rxb7 27. Ba5 Rxb4
28. d7 Rbb8 29. dxe8=Q+ Rxe8 30. exf5 gxf5 31. Bb4 e5 32. Bc3 e4 33. Re3 Rd8
34. Be1 Rd3 35. Kf1 1/2-1/2

[Event "4NCL/Div1a/BAR1 vs. GUI2"]
[Site "Sunningdale ENG"]
[Date "2009.01.18"]
[Round "6.7"]
[White "Berry, Neil"]
[Black "Muir, Andrew J"]
[Result "1/2-1/2"]
[WhiteElo "2317"]
[BlackElo "2354"]
[PlyCount "60"]
[EventDate "2009.01.18"]
[SourceDate "2008.10.04"]

1. d4 d5 2. c4 e6 3. Nf3 Nf6 4. g3 Be7 5. Bg2 O-O 6. O-O dxc4 7. Qc2 a6 8. Qxc4
b5 9. Qc2 Bb7 10. Bd2 Nc6 11. e3 Nb4 12. Bxb4 Bxb4 13. a3 Bd6 14. Nbd2 Rc8 15.
e4 Be7 16. e5 Nd7 17. b4 a5 18. Rfb1 axb4 19. axb4 Ra8 20. Rxa8 Bxa8 21. Ne1
Bxg2 22. Kxg2 Nb6 23. Ndf3 Nc4 24. Qe4 Qa8 25. Qxa8 Rxa8 26. Nd3 Ra3 27. Nfe1
Kf8 28. Nc5 Ke8 29. Ned3 Kd8 30. h4 h5 1/2-1/2

[Event "4NCL/Div1a/BAR1 vs. GUI2"]
[Site "Sunningdale ENG"]
[Date "2009.01.18"]
[Round "6.8"]
[White "Sandu, Mihaela"]
[Black "Bhatia, Kanwal K"]
[Result "1-0"]
[WhiteElo "2285"]
[BlackElo "2067"]
[PlyCount "87"]
[EventDate "2009.01.18"]
[SourceDate "2008.10.04"]

1. e4 e5 2. Nf3 Nc6 3. Nc3 Nf6 4. g3 d6 5. Bg2 Bg4 6. h3 Bh5 7. d3 Qd7 8. Be3
Be7 9. Qd2 O-O 10. g4 Bg6 11. Nd5 Nxd5 12. exd5 Nb8 13. Ng1 Na6 14. Ne2 Rae8
15. Ng3 Qb5 16. b3 Qb4 17. h4 Qxd2+ 18. Kxd2 h6 19. a4 f5 20. gxf5 Bxf5 21.
Nxf5 Rxf5 22. Be4 Rff8 23. Rag1 Kh8 24. Rg4 Nc5 25. Bg6 Rd8 26. Rhg1 Bf6 27.
R1g2 c6 28. Be4 Nxe4+ 29. dxe4 cxd5 30. exd5 a6 31. h5 Rc8 32. c4 Rf7 33. Rg6
Kh7 34. Kd3 Re8 35. R2g4 Rb8 36. b4 Rd8 37. Re4 Be7 38. c5 Bf8 39. Rg1 Rfd7 40.
c6 bxc6 41. dxc6 Rf7 42. b5 axb5 43. axb5 Ra8 44. b6 1-0

[Event "4NCL/Div1a/RIC vs. WGHK1"]
[Site "Sunningdale ENG"]
[Date "2009.01.18"]
[Round "6.1"]
[White "Bates, Richard A"]
[Black "Gordon, Stephen J"]
[Result "0-1"]
[WhiteElo "2392"]
[BlackElo "2524"]
[PlyCount "84"]
[EventDate "2009.01.18"]
[SourceDate "2008.10.04"]

1. e4 c5 2. Nf3 Nc6 3. g3 g6 4. Bg2 Bg7 5. O-O e5 6. c3 Nge7 7. Na3 O-O 8. Qe2
a6 9. Nc4 d6 10. a4 Rb8 11. d3 b5 12. axb5 axb5 13. Ne3 f5 14. exf5 gxf5 15.
Nh4 d5 16. c4 bxc4 17. dxc4 d4 18. Nd5 Ng6 19. Qh5 Nxh4 20. Bg5 Qd6 21. Qxh4
Rf7 22. b4 h6 23. Bd2 cxb4 24. c5 Qf8 25. Nb6 Be6 26. Bxc6 Qxc5 27. Rfc1 Qxb6
28. Bxh6 b3 29. Bxg7 Rxg7 30. Qf6 Bf7 31. Rab1 Rc8 32. Qd6 b2 33. Rc2 Rg6 34.
Qxg6+ Bxg6 35. Bd5+ Kg7 36. Rxc8 f4 37. Rg8+ Kh7 38. Rxg6 Kxg6 39. Be4+ Kf6 40.
Kg2 Qb3 41. gxf4 exf4 42. f3 Kg5 0-1

[Event "4NCL/Div1a/RIC vs. WGHK1"]
[Site "Sunningdale ENG"]
[Date "2009.01.18"]
[Round "6.2"]
[White "Greet, Andrew N"]
[Black "Wall, Gavin"]
[Result "0-1"]
[WhiteElo "2446"]
[BlackElo "2302"]
[PlyCount "60"]
[EventDate "2009.01.18"]
[SourceDate "2008.10.04"]

1. e4 e5 2. Nf3 d6 3. d4 exd4 4. Nxd4 Nf6 5. Nc3 Be7 6. g3 O-O 7. Bg2 Re8 8.
O-O Bf8 9. Re1 c6 10. a4 Na6 11. Bf4 Nb4 12. a5 h6 13. Ra4 d5 14. a6 g5 15. Bc1
c5 16. Nb3 b5 17. Ra1 Rb8 18. e5 Bf5 19. Re2 d4 20. Na2 Nfd5 21. Nxb4 Nxb4 22.
h3 d3 23. cxd3 Bxd3 24. Re3 c4 25. Na5 Qb6 26. Bd2 Nc2 27. Rxd3 cxd3 28. Ra2
Rxe5 29. Qf3 Re2 30. Bc3 Rxf2 0-1

[Event "4NCL/Div1a/RIC vs. WGHK1"]
[Site "Sunningdale ENG"]
[Date "2009.01.18"]
[Round "6.3"]
[White "Bisby, Daniel L"]
[Black "Trent, Lawrence"]
[Result "1/2-1/2"]
[WhiteElo "2304"]
[BlackElo "2487"]
[PlyCount "34"]
[EventDate "2009.01.18"]
[SourceDate "2008.10.04"]

1. e4 e5 2. d4 exd4 3. c3 d5 4. exd5 Qxd5 5. cxd4 Nc6 6. Nf3 Bg4 7. Be2 Bb4+ 8.
Nc3 Bxf3 9. Bxf3 Qc4 10. Qb3 Qxb3 11. axb3 Nge7 12. O-O a6 13. Bg5 O-O 14. Rfd1
Rfe8 15. Kf1 Nf5 16. Ra4 Bd6 17. Bg4 Nfe7 1/2-1/2

[Event "4NCL/Div1a/RIC vs. WGHK1"]
[Site "Sunningdale ENG"]
[Date "2009.01.18"]
[Round "6.4"]
[White "Arakhamia-Grant, Ketevan"]
[Black "Franklin, Michael J"]
[Result "1-0"]
[WhiteElo "2500"]
[BlackElo "2226"]
[PlyCount "137"]
[EventDate "2009.01.18"]
[SourceDate "2008.10.04"]

1. e4 c5 2. Nf3 a6 3. c4 d6 4. d4 Nd7 5. d5 g6 6. Be2 Bg7 7. O-O Nh6 8. Nc3 f6
9. Rb1 O-O 10. Bd2 Nf7 11. Qc1 Re8 12. a3 Nf8 13. b4 b6 14. bxc5 bxc5 15. Na4
Nd7 16. Ne1 Ra7 17. Nd3 e5 18. dxe6 Rxe6 19. Nc3 g5 20. f4 h6 21. Bh5 Nf8 22.
Rb8 Ree7 23. Nd5 Reb7 24. Rxb7 Rxb7 25. Bc3 Nh7 26. Qa1 gxf4 27. N3xf4 Ne5 28.
Qa2 Ng5 29. Qe2 f5 30. exf5 Bxf5 31. Ne3 Bc8 32. Nfd5 Ne4 33. Ba1 Qg5 34. Nf4
Nf6 35. Bf3 Re7 36. Bd5+ Nxd5 37. Nfxd5 Rb7 38. Qd1 Rf7 39. Qc2 Nf3+ 40. Kh1
Nd4 41. Rxf7 Kxf7 42. Qf2+ Kg8 43. h4 Qe5 44. Bc3 Kh8 45. Qf4 Qxf4 46. Nxf4 Kg8
47. g3 Nf5 48. Nxf5 Bxf5 49. Bxg7 Kxg7 50. Kg2 Bg4 51. Kf2 Kf6 52. Ke3 Ke5 53.
Nd3+ Kf5 54. Nf2 Bh5 55. Ne4 Ke5 56. Nf2 Kf5 57. Ne4 Ke5 58. Nd2 d5 59. cxd5
Kxd5 60. Ne4 Bg6 61. Nf6+ Kc4 62. h5 Bf7 63. g4 Kb3 64. Nd7 c4 65. Kd4 Be6 66.
Nc5+ Kb2 67. Nxe6 c3 68. Nc5 c2 69. Nd3+ 1-0

[Event "4NCL/Div1a/RIC vs. WGHK1"]
[Site "Sunningdale ENG"]
[Date "2009.01.18"]
[Round "6.5"]
[White "Osborne, Marcus E"]
[Black "Hanley, Craig A"]
[Result "1-0"]
[WhiteElo "2192"]
[BlackElo "2439"]
[PlyCount "55"]
[EventDate "2009.01.18"]
[SourceDate "2008.10.04"]

1. d4 Nf6 2. c4 e6 3. Nf3 Bb4+ 4. Nbd2 b6 5. a3 Bxd2+ 6. Bxd2 Ne4 7. Bf4 Bb7 8.
g3 g5 9. Be3 g4 10. Ne5 Nxf2 11. Bxf2 Bxh1 12. d5 O-O 13. Nxg4 f5 14. Qd4 Qg5
15. Ne5 d6 16. Nf3 Bxf3 17. exf3 e5 18. f4 Qh6 19. fxe5 dxe5 20. Qxe5 Nd7 21.
Qe6+ Qxe6+ 22. dxe6 Rae8 23. O-O-O Nf6 24. c5 Ne4 25. Bc4 Re7 26. Be3 bxc5 27.
Rd7 Rxd7 28. e7+ 1-0

[Event "4NCL/Div1a/RIC vs. WGHK1"]
[Site "Sunningdale ENG"]
[Date "2009.01.18"]
[Round "6.7"]
[White "Meyer, Gordon"]
[Black "McDonald, Neil"]
[Result "0-1"]
[WhiteElo "2160"]
[BlackElo "2401"]
[PlyCount "84"]
[EventDate "2009.01.18"]
[SourceDate "2008.10.04"]

1. e4 e6 2. Nc3 d5 3. d4 Nf6 4. Bg5 Bb4 5. e5 h6 6. Bd2 Bxc3 7. Bxc3 Ne4 8. Bd3
Nxc3 9. bxc3 c5 10. Qg4 O-O 11. dxc5 Nd7 12. Nf3 Qc7 13. Qd4 Nxc5 14. h4 Bd7
15. Rh3 Rac8 16. Nd2 f6 17. f4 fxe5 18. fxe5 Kh8 19. g4 Na4 20. c4 dxc4 21.
Nxc4 Bb5 22. Qe4 g6 23. Nd2 Bxd3 24. cxd3 Qc1+ 25. Rxc1 Rxc1+ 26. Ke2 Nc3+ 27.
Ke3 Nxe4 28. Nxe4 Kg7 29. Rh2 Rff1 30. h5 g5 31. Nf6 Rf4 32. Re2 Rc5 33. Kd2 b6
34. Kd1 Kf7 35. Ke1 Rxe5 36. Rxe5 Kxf6 37. Re2 Rxg4 38. Rf2+ Rf4 39. Rg2 g4 40.
Ke2 Kg5 41. Ke3 e5 42. Rh2 g3 0-1

[Event "4NCL/Div1a/RIC vs. WGHK1"]
[Site "Sunningdale ENG"]
[Date "2009.01.18"]
[Round "6.8"]
[White "Tiller, Bjorn"]
[Black "Chevannes, Sabrina"]
[Result "1-0"]
[WhiteElo "2370"]
[BlackElo "2075"]
[PlyCount "75"]
[EventDate "2009.01.18"]
[SourceDate "2008.10.04"]

1. e4 c6 2. c4 d5 3. exd5 cxd5 4. cxd5 Nf6 5. Bb5+ Bd7 6. Bc4 b5 7. Bb3 a5 8.
a3 g6 9. d4 Bg7 10. Ne2 Na6 11. Nf4 Bc8 12. Nc3 Nc7 13. O-O Bb7 14. Re1 O-O 15.
h3 b4 16. axb4 axb4 17. Rxa8 Bxa8 18. Ne4 Nfxd5 19. Nxd5 Nxd5 20. Bg5 Qc7 21.
Qd2 Qb7 22. Bh6 Nf6 23. Nxf6+ Bxf6 24. d5 Rd8 25. Re4 Qa7 26. Bg5 Bxg5 27. Qxg5
Qa1+ 28. Kh2 Qxb2 29. Qxe7 Rf8 30. Rxb4 Qxf2 31. Qe5 Qa7 32. h4 Qf2 33. Rf4 Qb6
34. Bc4 Qc5 35. h5 Bb7 36. h6 f6 37. Rxf6 Qxc4 38. Rxg6+ 1-0

[Event "4NCL/Div1a/SAMS vs. CAMB1"]
[Site "Sunningdale ENG"]
[Date "2009.01.18"]
[Round "6.1"]
[White "Rendle, Thomas E"]
[Black "Pinter, Gabor"]
[Result "0-1"]
[WhiteElo "2390"]
[BlackElo "2355"]
[PlyCount "76"]
[EventDate "2009.01.18"]
[SourceDate "2008.10.04"]

1. e4 c5 2. Nc3 a6 3. f4 b5 4. g3 Bb7 5. Bg2 Nf6 6. Qe2 e6 7. e5 Nd5 8. Nxd5
exd5 9. Nf3 Nc6 10. c3 Qb6 11. d3 h6 12. O-O O-O-O 13. d4 cxd4 14. cxd4 Nxd4
15. Nxd4 Bc5 16. Be3 Bxd4 17. Bxd4 Qxd4+ 18. Kh1 Kb8 19. a4 Qc4 20. Qd1 d6 21.
axb5 Qxb5 22. Rf3 dxe5 23. fxe5 Rd7 24. Rb3 Qc6 25. Qd4 Rhd8 26. Qg1 Rc7 27.
Rc3 Qb5 28. Rxc7 Kxc7 29. Qa7 Qxb2 30. Rf1 Rd7 31. Bh3 d4+ 32. Kg1 d3 33. Qc5+
Bc6 34. Qa7+ Kd8 35. e6 fxe6 36. Rf8+ Ke7 37. Qc5+ Rd6 38. Rf1 Qd4+ 0-1

[Event "4NCL/Div1a/SAMS vs. CAMB1"]
[Site "Sunningdale ENG"]
[Date "2009.01.18"]
[Round "6.2"]
[White "Rajlich, Iweta"]
[Black "Van Weersel, Arlette"]
[Result "1-0"]
[WhiteElo "2399"]
[BlackElo "2214"]
[PlyCount "169"]
[EventDate "2009.01.18"]
[SourceDate "2008.10.04"]

1. d4 Nf6 2. c4 e6 3. Nc3 Bb4 4. Qc2 O-O 5. Nf3 c5 6. dxc5 Na6 7. g3 Nxc5 8.
Bg2 Nfe4 9. Nd2 Nxc3 10. bxc3 Ba5 11. O-O d6 12. Ba3 Bc7 13. Nb3 Qe7 14. Rfd1
Rb8 15. Rab1 e5 16. Nd2 f5 17. Nf1 f4 18. Bxc5 dxc5 19. Be4 g6 20. Nd2 Kh8 21.
Nf3 a6 22. Rd2 b5 23. cxb5 axb5 24. c4 bxc4 25. Rxb8 Bxb8 26. Qxc4 Be6 27. Qc3
Bg8 28. Rb2 g5 29. g4 Qe6 30. Bf5 Qe7 31. e4 fxe3 32. Qxe3 c4 33. Rb5 e4 34.
Qd4+ Qg7 35. Qxg7+ Kxg7 36. Nxg5 e3 37. fxe3 h5 38. h3 Rd8 39. Ne4 hxg4 40.
hxg4 Bd5 41. Nc3 Bf3 42. Kf2 Ba8 43. Be4 Bxe4 44. Nxe4 Rh8 45. a4 Rh2+ 46. Kf3
Rh3+ 47. Ke2 Rh8 48. Kd2 Rd8+ 49. Ke2 Re8 50. Rb7+ Kg6 51. Rb6+ Kg7 52. Nf6 Rc8
53. Nh5+ Kf8 54. Kd2 c3+ 55. Kc2 Ba7 56. Rh6 Kg8 57. Nf6+ Kg7 58. Rh7+ Kxf6 59.
Rxa7 Re8 60. Rd7 Rxe3 61. Rd4 Ke5 62. Rb4 Kd5 63. Kb3 Rf3 64. a5 c2+ 65. Kxc2
Ra3 66. Rb5+ Kc4 67. Rf5 Ra2+ 68. Kb1 Rg2 69. g5 Kc3 70. a6 Rg1+ 71. Ka2 Rg2+
72. Ka3 Rg1 73. Ka4 Kc4 74. Ka5 Ra1+ 75. Kb6 Rb1+ 76. Kc6 Ra1 77. Rf4+ Kd3 78.
Kb5 Rg1 79. Rf5 Ke4 80. Rc5 Kd4 81. Rc4+ Kd5 82. a7 Ra1 83. Ra4 Rb1+ 84. Ka6
Kc5 85. Ra5+ 1-0

[Event "4NCL/Div1a/SAMS vs. CAMB1"]
[Site "Sunningdale ENG"]
[Date "2009.01.18"]
[Round "6.3"]
[White "Williams, Samuel G"]
[Black "Mah, Karl C C"]
[Result "0-1"]
[WhiteElo "2206"]
[BlackElo "2404"]
[PlyCount "88"]
[EventDate "2009.01.18"]
[SourceDate "2008.10.04"]

1. d4 d6 2. Nf3 Nf6 3. c4 g6 4. Nc3 Bg7 5. e4 O-O 6. Be2 e5 7. O-O Nc6 8. d5
Ne7 9. b4 Nh5 10. Re1 h6 11. c5 f5 12. Nd2 Nf6 13. f3 f4 14. Qb3 g5 15. b5 Ng6
16. b6 axb6 17. cxd6 cxd6 18. Ba3 g4 19. Nc4 gxf3 20. Bxf3 Ne8 21. Rab1 Nh4 22.
Nxb6 Nxf3+ 23. gxf3 Bh3 24. Kh1 Ra6 25. Nc4 Rf7 26. Rg1 Kh7 27. Nd1 Qh4 28. Bb4
Bf6 29. Be1 Bg2+ 30. Kxg2 Rg7+ 31. Kh1 Rxg1+ 32. Kxg1 Qxe1+ 33. Kg2 Qe2+ 34.
Nf2 b5 35. Qxb5 Ra7 36. Nxe5 Qxb5 37. Rxb5 Bxe5 38. Kh3 Rxa2 39. Nd3 Rd2 40.
Rb7+ Kg6 41. Nxe5+ dxe5 42. Re7 Ng7 43. Rc7 Rf2 44. Rc3 Ne8 0-1

[Event "4NCL/Div1a/SAMS vs. CAMB1"]
[Site "Sunningdale ENG"]
[Date "2009.01.18"]
[Round "6.4"]
[White "Moskovic, David M"]
[Black "Ruston, Mark R"]
[Result "1-0"]
[WhiteElo "2307"]
[BlackElo "2097"]
[PlyCount "77"]
[EventDate "2009.01.18"]
[SourceDate "2008.10.04"]

1. e4 e6 2. d4 d5 3. e5 c5 4. c3 Nc6 5. Nf3 Qb6 6. a3 Nh6 7. b4 cxd4 8. cxd4
Nf5 9. Bb2 Be7 10. Bd3 Bd7 11. Bxf5 exf5 12. Nc3 Be6 13. O-O Qd8 14. Rc1 Rc8
15. Qd3 g5 16. Nd2 f4 17. Nb3 b6 18. b5 Nb8 19. Na2 Rc4 20. Nd2 Rxc1 21. Rxc1
Qd7 22. a4 O-O 23. Ba3 g4 24. Nb4 Rc8 25. Na2 Bg5 26. f3 g3 27. h3 Rxc1+ 28.
Nxc1 Qc8 29. Na2 Bf5 30. Qc3 Qe6 31. Bd6 Nd7 32. Nb4 Bh4 33. Qc6 Nf6 34. Qa8+
Kg7 35. Qf8+ Kg6 36. Qe7 Qc8 37. Nc6 Ne4 38. Qxh4 Nxd2 39. Ne7+ 1-0

[Event "4NCL/Div1a/SAMS vs. CAMB1"]
[Site "Sunningdale ENG"]
[Date "2009.01.18"]
[Round "6.5"]
[White "Linford, Charles"]
[Black "Churm, Rohan M"]
[Result "1-0"]
[WhiteElo "2119"]
[BlackElo "2192"]
[PlyCount "83"]
[EventDate "2009.01.18"]
[SourceDate "2008.10.04"]

1. e4 e6 2. d4 d5 3. Nd2 Nf6 4. e5 Nfd7 5. Bd3 c5 6. c3 Nc6 7. Ne2 cxd4 8. cxd4
f6 9. exf6 Nxf6 10. Nf3 Bd6 11. O-O O-O 12. Bf4 Nh5 13. Bxd6 Qxd6 14. Qd2 Bd7
15. Qg5 Nf4 16. Nxf4 Qxf4 17. Qxf4 Rxf4 18. Rad1 a6 19. Rfe1 Raf8 20. Re3 h6
21. Rd2 Be8 22. Rxe6 Bh5 23. Ne5 Nxd4 24. Rd6 Rc8 25. f3 Be8 26. Rxd5 Ne6 27.
Rd6 Rc1+ 28. Kf2 Nc5 29. Kg3 Rf8 30. Bc4+ Kh7 31. b4 Re1 32. R2d5 Na4 33. Bb3
Nc3 34. Rc5 Rc1 35. Rd2 g6 36. Nd3 Nb1 37. Rxc1 Nxd2 38. Rc7+ Kh8 39. Bd5 Bb5
40. Ne5 Rf6 41. Nf7+ Kg7 42. Ng5+ 1-0

[Event "4NCL/Div1a/SAMS vs. CAMB1"]
[Site "Sunningdale ENG"]
[Date "2009.01.18"]
[Round "6.6"]
[White "Quist, Sven Roy"]
[Black "Edgell, Ben P"]
[Result "1/2-1/2"]
[WhiteElo "2136"]
[BlackElo "2101"]
[PlyCount "78"]
[EventDate "2009.01.18"]
[SourceDate "2008.10.04"]

1. c4 Nf6 2. Nc3 c5 3. Nf3 Nc6 4. d4 cxd4 5. Nxd4 d6 6. g3 g6 7. Bg2 Bd7 8. O-O
Bg7 9. Nc2 O-O 10. Ne3 Rc8 11. Bd2 b6 12. Rc1 Ne5 13. b3 Neg4 14. Ned5 Nxd5 15.
Nxd5 Nf6 16. a4 Nxd5 17. Bxd5 Bc6 18. Bc3 Bxd5 19. Qxd5 Rc5 20. Qd3 Qc7 21. e4
Rc8 22. Bd2 Qb7 23. f4 f5 24. exf5 Rxf5 25. Rfe1 d5 26. Bb4 Bf6 27. c5 bxc5 28.
Bxc5 Qd7 29. Bd4 Rxc1 30. Rxc1 e5 31. Bxe5 Bxe5 32. fxe5 Rxe5 33. Rd1 Qe6 34.
Qd4 a6 35. b4 Re1+ 36. Rxe1 Qxe1+ 37. Kg2 Qe2+ 38. Kg1 Qe1+ 39. Kg2 Qe2+
1/2-1/2

[Event "4NCL/Div1a/SAMS vs. CAMB1"]
[Site "Sunningdale ENG"]
[Date "2009.01.18"]
[Round "6.7"]
[White "Purton, Ben J"]
[Black "Pickard, Charles"]
[Result "1/2-1/2"]
[WhiteElo "2103"]
[BlackElo "2207"]
[PlyCount "85"]
[EventDate "2009.01.18"]
[SourceDate "2008.10.04"]

1. e4 c5 2. Nf3 Nc6 3. Bb5 g6 4. O-O Bg7 5. c3 Nf6 6. Re1 O-O 7. a4 e6 8. d4
cxd4 9. cxd4 d6 10. Nc3 Qb6 11. d5 Ne5 12. Be3 Nxf3+ 13. Qxf3 Qc7 14. Rec1 e5
15. h3 Nh5 16. g4 Nf4 17. Bxf4 exf4 18. Qxf4 Qe7 19. Qe3 a6 20. Bd3 Bd7 21. Ra3
Rae8 22. Rb3 Bc8 23. Re1 Be5 24. f4 Bg7 25. Qg3 Qc7 26. Re2 Re7 27. Kh1 Rfe8
28. Rb4 Qd8 29. Rc4 Rc7 30. Rxc7 Qxc7 31. Rc2 Qa5 32. Qg1 Qb4 33. Qc1 Bd7 34.
Kh2 Qd4 35. Qf1 g5 36. fxg5 Qe5+ 37. Kh1 Qxg5 38. Ne2 Qe3 39. Nf4 Be5 40. Nh5
Bxa4 41. Rc7 Rf8 42. Kg2 Qb6 43. Qc1 1/2-1/2

[Event "4NCL/Div1a/SAMS vs. CAMB1"]
[Site "Sunningdale ENG"]
[Date "2009.01.18"]
[Round "6.8"]
[White "Spencer, Carl"]
[Black "Varnam, Liam D"]
[Result "0-1"]
[WhiteElo "2134"]
[BlackElo "2109"]
[PlyCount "84"]
[EventDate "2009.01.18"]
[SourceDate "2008.10.04"]

1. e4 e5 2. Nf3 Nc6 3. d4 exd4 4. Nxd4 Nf6 5. Nxc6 bxc6 6. e5 Qe7 7. Qe2 Nd5 8.
c4 Ba6 9. b3 Qd8 10. Qe4 Nb6 11. Nc3 Bb4 12. Bb2 O-O 13. O-O-O f5 14. exf6 Qxf6
15. Qc2 Qxf2 16. Qxf2 Rxf2 17. Ne4 Rf4 18. Bd3 Re8 19. a3 Be7 20. g3 Rxe4 21.
Bxe4 Bg5+ 22. Kb1 Rxe4 23. h4 Bf6 24. Bxf6 gxf6 25. a4 d6 26. Rhf1 Nd7 27. Rf5
c5 28. Kc2 Bb7 29. Rg1 Rxc4+ 30. bxc4 Be4+ 31. Kb3 Bxf5 32. g4 Be6 33. a5 Ne5
34. g5 Bxc4+ 35. Kc3 f5 36. Rb1 f4 37. Kd2 f3 38. Ke3 Be2 39. Rb8+ Kf7 40. Rb7
Ng4+ 41. Kd2 Bc4 42. Rxc7+ Kg6 0-1

[Event "4NCL/Div1a/SWD1 vs. WRO1"]
[Site "Sunningdale ENG"]
[Date "2009.01.18"]
[Round "6.1"]
[White "Cobb, James E"]
[Black "McNab, Colin"]
[Result "1/2-1/2"]
[WhiteElo "2440"]
[BlackElo "2473"]
[PlyCount "67"]
[EventDate "2009.01.18"]
[SourceDate "2008.10.04"]

1. d4 d6 2. c4 e5 3. Nf3 Nd7 4. Nc3 g6 5. e3 Bg7 6. Be2 Ngf6 7. O-O O-O 8. b3
Re8 9. Bb2 c6 10. Rc1 exd4 11. Nxd4 Nc5 12. Qc2 a5 13. Rfd1 Qb6 14. Rb1 Bd7 15.
Ba1 Re7 16. a3 Nfe4 17. b4 axb4 18. axb4 Nxc3 19. bxc5 Nxe2+ 20. Nxe2 Qxc5 21.
Bxg7 Kxg7 22. Rxb7 Qe5 23. Qc3 Qxc3 24. Nxc3 Bg4 25. Rxe7 Bxd1 26. h3 Bb3 27.
Ne4 Rd8 28. c5 dxc5 29. Nxc5 Bc4 30. Rc7 Rd6 31. e4 g5 32. e5 Rd1+ 33. Kh2 Re1
34. Rxc6 1/2-1/2

[Event "4NCL/Div1a/SWD1 vs. WRO1"]
[Site "Sunningdale ENG"]
[Date "2009.01.18"]
[Round "6.2"]
[White "Palliser, Richard"]
[Black "Cooper, John G"]
[Result "1-0"]
[WhiteElo "2406"]
[BlackElo "2362"]
[PlyCount "59"]
[EventDate "2009.01.18"]
[SourceDate "2008.10.04"]

1. d4 d5 2. c4 e6 3. Nf3 c5 4. cxd5 exd5 5. Nc3 Nc6 6. g3 Nf6 7. Bg2 Be7 8. O-O
O-O 9. dxc5 Bxc5 10. Na4 Be7 11. Be3 Bg4 12. Rc1 Re8 13. Nc5 Bxc5 14. Bxc5 Qd7
15. Re1 Rac8 16. Nd4 b6 17. Ba3 Nxd4 18. Qxd4 Rxe2 19. b3 Rxc1 20. Rxc1 Qe6 21.
Bf1 Re1 22. Qb4 Rxf1+ 23. Rxf1 h5 24. Qe7 Qf5 25. Qf8+ Kh7 26. Qxf7 Bh3 27. Bf8
Qg4 28. Re1 Nd7 29. Bxg7 Qxg7 30. Qxh5+ 1-0

[Event "4NCL/Div1a/SWD1 vs. WRO1"]
[Site "Sunningdale ENG"]
[Date "2009.01.18"]
[Round "6.3"]
[White "Morris, Charles F"]
[Black "Van de Griendt, Jan W"]
[Result "1-0"]
[WhiteElo "2189"]
[BlackElo "2355"]
[PlyCount "80"]
[EventDate "2009.01.18"]
[SourceDate "2008.10.04"]

1. c4 Nf6 2. g3 g6 3. Bg2 Bg7 4. Nc3 d6 5. d4 O-O 6. Nf3 Nbd7 7. O-O e5 8. e4
a6 9. Qc2 exd4 10. Nxd4 Re8 11. Nde2 Nc5 12. f3 a5 13. Be3 b6 14. Rad1 Bd7 15.
h3 Qc8 16. Kh2 Rb8 17. a4 Nh5 18. g4 Nf6 19. Ng3 Bc6 20. b3 Qb7 21. Bc1 Rbd8
22. Bb2 Ne6 23. f4 Nc5 24. Rfe1 Nfd7 25. g5 f6 26. h4 Rf8 27. Nd5 Rde8 28. e5
fxe5 29. f5 gxf5 30. Nxf5 Rxf5 31. Qxf5 Kh8 32. g6 Nf8 33. h5 Bd7 34. Qf7 Qc8
35. Nf6 Nxg6 36. Nxd7 Nxd7 37. hxg6 Rf8 38. Qe6 Rf6 39. Qh3 Rxg6 40. Re4 Qd8
1-0

[Event "4NCL/Div1a/SWD1 vs. WRO1"]
[Site "Sunningdale ENG"]
[Date "2009.01.18"]
[Round "6.4"]
[White "Gourlay, Iain"]
[Black "Zeidler, Sven P"]
[Result "1-0"]
[WhiteElo "2362"]
[BlackElo "2231"]
[PlyCount "105"]
[EventDate "2009.01.18"]
[SourceDate "2008.10.04"]

1. Nf3 f5 2. g3 Nf6 3. Bg2 g6 4. O-O Bg7 5. c4 d6 6. d4 O-O 7. Nc3 c6 8. Rb1
Ne4 9. Nxe4 fxe4 10. Ne1 d5 11. Nc2 dxc4 12. Bxe4 Bf5 13. Bg2 Bxd4 14. Qxd4
Qxd4 15. Nxd4 Bxb1 16. Bh6 Bf5 17. Bxf8 Kxf8 18. Rc1 Bd7 19. Rxc4 Na6 20. Nf3
Be6 21. Rf4+ Kg7 22. Re4 Kf6 23. Ng5 Nc5 24. Nxh7+ Kg7 25. Re5 Kxh7 26. Rxc5
Bxa2 27. Re5 e6 28. Be4 Bc4 29. h4 Kg7 30. Rg5 Bxe2 31. f4 Kf6 32. Rxg6+ Kf7
33. Kf2 Bd1 34. g4 Rg8 35. Rxg8 Kxg8 36. Kg3 a5 37. h5 a4 38. Kh4 b5 39. Bxc6
b4 40. Be4 a3 41. bxa3 b3 42. Bc6 Bc2 43. Ba4 Bd1 44. Bxb3 Bxb3 45. Kg5 Kg7 46.
f5 exf5 47. gxf5 Kf7 48. h6 Bc2 49. f6 Kg8 50. Kf4 Kf7 51. Ke5 Kg6 52. Ke6 Kxh6
53. f7 1-0